000 00479nam a2200169Ia 4500
003 GCL
008 140319s9999 xx 000 0 eng d
040 _aGCL /
_cGCL
082 0 4 _a641.3951
_bC F
100 1 _aCROLL, ELISABETH
245 1 0 _aTHE FAMILY RICE BOWL: FOOD AND THE DOMESTIC ECONOMY IN CHINA /
_cCROLL, ELISABETH
260 _a[S.N] :
_bUNITED STATES RESEARCH INSTITUTE FOR SOC ،
_c1982
300 _a372 P
650 0 4 _aFOOD
650 0 4 _aCHINA
942 _2ddc
_cBK
999 _c13899
_d13899